La estratificación social del pueblo alemán / (Record no. 71413)

MARC details
000 -LEADER
campo de control de longitud fija 00874nam a2200241 i 4500
001 - NÚMERO DE CONTROL
campo de control 71413
003 - IDENTIFICADOR DE NÚMERO DE CONTROL
campo de control ES-MaACL
005 - FECHA Y HORA DE LA ÚLTIMA TRANSACCIÓN
campo de control 20250910211905.0
007 - CAMPO FIJO DE DESCRIPCIÓN FÍSICA--INFORMACIÓN GENERAL
campo de control de longitud fija t|
008 - DATOS DE LONGITUD FIJA--INFORMACIÓN GENERAL
campo de control de longitud fija 040810s1971 sp ||||1| spa d
100 1# - ENTRADA PRINCIPAL--NOMBRE DE PERSONA
Nombre de persona Geiger, Theodor.
9 (RLIN) 56217
245 13 - MENCIÓN DEL TÍTULO
Título La estratificación social del pueblo alemán /
Mención de responsabilidad, etc. Theodor Geiger ; traducción de Diorki ; revisada por Enrique Martín López.
260 ## - PUBLICACIÓN, DISTRIBUCIÓN, ETC.
Lugar de publicación, distribución, etc. [Madrid :
Nombre del editor, distribuidor, etc. Foessa,
Fecha de publicación, distribución, etc. 1971]
300 ## - DESCRIPCIÓN FÍSICA
Extensión 256 p. ;
Dimensiones 18 cm.
490 1# - MENCIÓN DE SERIE
Mención de serie Colección Fundación Foessa. Serie Síntesis ;
Designación de volumen o secuencia 5
650 #4 - PUNTO DE ACCESO ADICIONAL DE MATERIA--TÉRMINO DE MATERIA
Término de materia o nombre geográfico como elemento de entrada Clases sociales-
Subdivisión geográfica Alemania-
Subdivisión de forma Historia.
9 (RLIN) 168855
651 #4 - PUNTO DE ACCESO ADICIONAL DE MATERIA--NOMBRE GEOGRÁFICO
Nombre geográfico Alemania-
Subdivisión general Situación social-
Subdivisión cronológica S.XX.
9 (RLIN) 207042
700 1# - ENTRADA AGREGADA--NOMBRE PERSONAL
Nombre de persona Martín López, Enrique.
9 (RLIN) 77541
710 2# - ENTRADA AGREGADA--NOMBRE DE ENTIDAD CORPORATIVA
Nombre de entidad corporativa o nombre de jurisdicción como elemento de entrada Diorki.
9 (RLIN) 3392
830 0# - PUNTO DE ACCESO ADICIONAL DE SERIE-TÍTULO UNIFORME
Título uniforme Colección Fundación Foessa. Serie Síntesis
Designación de volumen o secuencia 5
9 (RLIN) 184027
852 ## - LOCALIZACIÓN
Ubicación ES-MaACL
Número de control de estantería C-45422
Sublocalización o colección R.78675
Holdings
Estatus retirado Estado de pérdida Estado de daño No para préstamo Biblioteca de origen Biblioteca actual Ubicación en estantería Fecha de adquisición Fuente de adquisición Total de préstamos Signatura topográfica completa Código de barras Visto por última vez Precio de reemplazo Tipo de ítem Koha
        Biblioteca del Ateneo de Madrid Biblioteca del Ateneo de Madrid Depósito 2 17/01/2008     C-45422 1074769 23/02/2023 23/02/2023 Libro impreso